000 00539nam a22002057a 4500
003 Nust
005 20211006110520.0
008 170118b xxu||||| |||| 00| 0 eng d
020 _a8188458104
038 _aKhadija
040 _cc
082 _a620.112
_bRAJ
100 _aRajput, R.K.
_9936
245 _aStrength of Materials:
_b(Mechanics Of Solids) For Polytechnics /
_cR.K. Rajput
260 _aNew Delhi :
_bS.K kataria & Sons,
_c2009.
300 _a288 p. ;
_c24 cm.
500 _apaperback.
563 _aPB
942 _cBK
_2ddc
999 _c32123
_d32123